000 01153nas a2200361 4500
001 BR0602862
003 BR-BrBNA
005 20231205110105.0
007 ta
008 230509b bl.|||p| |||| 00| 00por d
040 _aBR-BrBNA
_bpor
_cBiblioteca Nacional de Agricultura
041 _a(Pt)
072 _aL02; L51
100 1 _aClipes, R.C.
100 1 _aCoelho da Silva, J.F.
100 1 _aDetmann, E.
100 1 _aVasquez, H.M.
100 1 _aScolforo, L.
100 1 _aLombardi, C.T.
245 1 _aAvaliação de métodos de amostragem em pastagens de capim-elefante (Pennisetum purpureum, Schum)e capim-mombaça (Panicum maximum, Jacq)sob pastejo rotacionado
650 _aRUMINANTE
650 _aCAPIM ELEFANTE
650 _aCAPIM COLONIÃO
650 _aPASTAGEM
650 _aAMOSTRAGEM
650 _aPASTEJO ROTATIVO
650 _aVALOR NUTRITIVO
650 _aBROMATOLOGIA
650 _aDIGESTIBILIDADE
773 0 _tArquivo Brasileiro de Medicina Veterinária e Zootecnia (Brazil)
_xISSN 0102-0935
_g(Feb 2005), v. 57(1) p. 120-127
_wBR0602862
909 _a202311
_bLúcia
_c55
_dLúcia Elande
942 _2AGRIS
_n0
_cANA
999 _c186168
_d186168